[Event "CAN/Quebec op"]
[Site "Montreal CAN"]
[Date "2008.07.19"]
[Round "1"]
[White "Bartholomew, John"]
[Black "Jiang, Louie"]
[Result "1-0"]
[WhiteElo "2440"]
[BlackElo "2135"]
[PlyCount "75"]
[GameId "2160767910345146"]
[EventDate "2008.07.19"]
[EventType "swiss"]
[EventRounds "9"]
[EventCountry "CAN"]
[SourceTitle "CBM 125 Extra"]
[Source "ChessBase"]
[SourceDate "2008.09.01"]
[SourceVersion "1"]
[SourceVersionDate "2008.09.01"]
[SourceQuality "1"]

1. Nf3 d5 2. d4 Nf6 3. c4 e6 4. Nc3 c6 5. Bg5 Nbd7 6. e3 Qa5 7. cxd5 Nxd5 8. Qd2 Bb4 9. Rc1 c5 10. a3 Bxc3 11. bxc3 Qxa3 12. Bd3 h6 13. Bh4 cxd4 14. exd4 a6 15. c4 Nf4 16. Bf1 Ng6 17. Bg3 b6 18. Bd3 Bb7 19. O-O O-O 20. Rfe1 Rfe8 21. Re3 Qe7 22. Bxg6 fxg6 23. d5 Qf7 24. d6 Rac8 25. Ne5 Nxe5 26. Bxe5 Bc6 27. Qd4 b5 28. cxb5 Bxb5 29. Rec3 Rxc3 30. Rxc3 Bd7 31. Rf3 Rc8 32. h3 Qe8 33. Bxg7 e5 34. Bxe5 Rc1+ 35. Kh2 Bc6 36. Bh8 Qd7 37. Re3 Bb7 38. Re8+ 1-0

[Event "CAN/Quebec op"]
[Site "Montreal CAN"]
[Date "2008.07.19"]
[Round "1"]
[White "Chabot, Roland"]
[Black "Komarov, Dimitri"]
[Result "0-1"]
[WhiteElo "2235"]
[BlackElo "2536"]
[PlyCount "60"]
[GameId "2160767910345147"]
[EventDate "2008.07.19"]
[EventType "swiss"]
[EventRounds "9"]
[EventCountry "CAN"]
[SourceTitle "CBM 125 Extra"]
[Source "ChessBase"]
[SourceDate "2008.09.01"]
[SourceVersion "1"]
[SourceVersionDate "2008.09.01"]
[SourceQuality "1"]

1. d4 d5 2. c4 c6 3. cxd5 cxd5 4. Nc3 Nf6 5. Bf4 Nc6 6. e3 a6 7. Bd3 Bg4 8. f3 Bd7 9. Nge2 e6 10. O-O Nh5 11. Qd2 Nxf4 12. exf4 Bd6 13. Qe3 O-O 14. Rad1 Re8 15. Bb1 b5 16. Nc1 Qb6 17. N3e2 e5 18. fxe5 Nxe5 19. b3 b4 20. Qf2 Ng6 21. f4 Bb5 22. f5 Nf8 23. f6 g6 24. Qh4 Rxe2 25. Rf3 h5 26. Bd3 Bxd3 27. Rdxd3 Re4 28. Qf2 Ne6 29. Ne2 Rxe2 30. Qxe2 Nxd4 0-1

[Event "CAN/Quebec op"]
[Site "Montreal CAN"]
[Date "2008.07.19"]
[Round "1"]
[White "Cornette, Matthieu"]
[Black "Arsenault, Nicolas"]
[Result "1-0"]
[WhiteElo "2521"]
[BlackElo "2213"]
[PlyCount "59"]
[GameId "2160767910345148"]
[EventDate "2008.07.19"]
[EventType "swiss"]
[EventRounds "9"]
[EventCountry "CAN"]
[SourceTitle "CBM 125 Extra"]
[Source "ChessBase"]
[SourceDate "2008.09.01"]
[SourceVersion "1"]
[SourceVersionDate "2008.09.01"]
[SourceQuality "1"]

1. e4 e6 2. Nf3 d5 3. e5 c5 4. c3 Nc6 5. d4 Bd7 6. Bd3 cxd4 7. cxd4 Qb6 8. O-O Nxd4 9. Nbd2 Nxf3+ 10. Nxf3 Ne7 11. Be3 Qd8 12. Ng5 h6 13. Nh7 Rxh7 14. Bxh7 g6 15. h4 Bb5 16. Re1 h5 17. Bg5 Bg7 18. g4 hxg4 19. Qxg4 Bd3 20. h5 Bf5 21. Qh4 Rc8 22. Rad1 b5 23. Rd4 Qa5 24. b4 Qc7 25. Bf6 Bxf6 26. exf6 Qc3 27. Red1 Nc6 28. Rf4 Ne5 29. Qg3 Qc2 30. Qb3 1-0

[Event "CAN/Quebec op"]
[Site "Montreal CAN"]
[Date "2008.07.19"]
[Round "1"]
[White "Ganguly, Surya Shekhar"]
[Black "Cheng, Bindi"]
[Result "1/2-1/2"]
[WhiteElo "2631"]
[BlackElo "2333"]
[PlyCount "61"]
[GameId "2160767910345150"]
[EventDate "2008.07.19"]
[EventType "swiss"]
[EventRounds "9"]
[EventCountry "CAN"]
[SourceTitle "CBM 125 Extra"]
[Source "ChessBase"]
[SourceDate "2008.09.01"]
[SourceVersion "1"]
[SourceVersionDate "2008.09.01"]
[SourceQuality "1"]

1. e4 c5 2. Nf3 d6 3. d4 cxd4 4. Nxd4 Nf6 5. Nc3 a6 6. Be2 e6 7. O-O Nc6 8. Be3 Be7 9. f4 O-O 10. Kh1 Bd7 11. Qe1 Nxd4 12. Bxd4 Bc6 13. Qg3 g6 14. Bd3 b5 15. Rae1 Nd7 16. f5 Ne5 17. Rd1 Bh4 18. Qh3 Qe7 19. a3 Bf6 20. Be2 Rab8 21. Bg4 Rfe8 22. b4 Nxg4 23. Qxg4 Bxd4 24. Rxd4 exf5 25. exf5 Qe1 26. Qf4 Qxc3 27. fxg6 fxg6 28. Qf7+ Kh8 29. Qf6+ Kg8 30. Qf7+ Kh8 31. Qf6+ 1/2-1/2

[Event "CAN/Quebec op"]
[Site "Montreal CAN"]
[Date "2008.07.19"]
[Round "1"]
[White "Henry, Liam"]
[Black "Sambuev, Bator"]
[Result "0-1"]
[WhiteElo "2211"]
[BlackElo "2496"]
[PlyCount "32"]
[GameId "2160767910345152"]
[EventDate "2008.07.19"]
[EventType "swiss"]
[EventRounds "9"]
[EventCountry "CAN"]
[SourceTitle "CBM 125 Extra"]
[Source "ChessBase"]
[SourceDate "2008.09.01"]
[SourceVersion "1"]
[SourceVersionDate "2008.09.01"]
[SourceQuality "1"]

1. e4 e6 2. d4 d5 3. Nc3 Bb4 4. e5 c5 5. a3 Ba5 6. b4 cxd4 7. Nb5 Bc7 8. f4 Ne7 9. Nf3 Bd7 10. Nxc7+ Qxc7 11. a4 Nbc6 12. Rb1 a5 13. b5 Nb4 14. Nxd4 Qc3+ 15. Qd2 Qxd4 16. c3 Qe4+ 0-1

[Event "CAN/Quebec op"]
[Site "Montreal CAN"]
[Date "2008.07.19"]
[Round "1"]
[White "Istratescu, Andrei"]
[Black "Barbeau, Sylvain"]
[Result "1-0"]
[WhiteElo "2636"]
[BlackElo "2367"]
[PlyCount "53"]
[GameId "2160767910345153"]
[EventDate "2008.07.19"]
[EventType "swiss"]
[EventRounds "9"]
[EventCountry "CAN"]
[SourceTitle "CBM 125 Extra"]
[Source "ChessBase"]
[SourceDate "2008.09.01"]
[SourceVersion "1"]
[SourceVersionDate "2008.09.01"]
[SourceQuality "1"]

1. e4 e5 2. Nf3 Nc6 3. Bb5 a6 4. Ba4 d6 5. c3 f5 6. exf5 Bxf5 7. O-O Bd3 8. Re1 Be7 9. Bc2 Bxc2 10. Qxc2 Nf6 11. d4 Qd7 12. dxe5 dxe5 13. Bg5 O-O-O 14. Nbd2 h6 15. Bh4 Rhe8 16. Bg3 g5 17. Rad1 Bd6 18. Qg6 Qe6 19. Qxh6 Rh8 20. Qxg5 Rdg8 21. Qe3 Qxa2 22. b4 Qc2 23. Nc4 Ng4 24. Qd3 Qxd3 25. Rxd3 Rh6 26. h3 e4 27. Nxd6+ 1-0

[Event "CAN/Quebec op"]
[Site "Montreal CAN"]
[Date "2008.07.19"]
[Round "1"]
[White "Kovalyov, Anton"]
[Black "Thavandiran, Shiyam"]
[Result "1-0"]
[WhiteElo "2548"]
[BlackElo "2288"]
[PlyCount "95"]
[GameId "2160767910345155"]
[EventDate "2008.07.19"]
[EventType "swiss"]
[EventRounds "9"]
[EventCountry "CAN"]
[SourceTitle "CBM 125 Extra"]
[Source "ChessBase"]
[SourceDate "2008.09.01"]
[SourceVersion "1"]
[SourceVersionDate "2008.09.01"]
[SourceQuality "1"]

1. c4 e5 2. Nc3 Bb4 3. Qb3 Nc6 4. Nf3 a5 5. a3 Bxc3 6. Qxc3 d6 7. b3 Nf6 8. d3 Bg4 9. e3 Bxf3 10. gxf3 O-O 11. Bb2 Re8 12. Be2 Qe7 13. Rc1 Nd8 14. Rg1 Kf8 15. d4 c5 16. d5 b5 17. Qc2 g6 18. Rd1 b4 19. a4 Ng8 20. Kd2 Qh4 21. Rg2 Ke7 22. Qe4 Qxe4 23. fxe4 f6 24. f4 Nf7 25. h4 Ngh6 26. Kd3 Rg8 27. Rdg1 Rae8 28. Rg3 Rgf8 29. Bf1 Rc8 30. Bh3 Rce8 31. Bc1 Kd8 32. Be6 Ke7 33. Bd2 Nd8 34. Bh3 Ndf7 35. Be1 Rg8 36. Be6 Rg7 37. R3g2 Nd8 38. Bh3 Rgg8 39. h5 gxh5 40. Bh4 Rxg2 41. Rxg2 Ng4 42. Bxg4 hxg4 43. fxe5 dxe5 44. Rf2 Rf8 45. Rf5 g3 46. Bxg3 Nf7 47. Bh4 Ng5 48. Bxg5 1-0

[Event "CAN/Quebec op"]
[Site "Montreal CAN"]
[Date "2008.07.19"]
[Round "1"]
[White "Meera, Sai Ravi"]
[Black "Roussel-Roozmon, Thomas"]
[Result "0-1"]
[WhiteElo "2179"]
[BlackElo "2486"]
[PlyCount "142"]
[GameId "2160767910345156"]
[EventDate "2008.07.19"]
[EventType "swiss"]
[EventRounds "9"]
[EventCountry "CAN"]
[SourceTitle "CBM 125 Extra"]
[Source "ChessBase"]
[SourceDate "2008.09.01"]
[SourceVersion "1"]
[SourceVersionDate "2008.09.01"]
[SourceQuality "1"]

1. e4 c5 2. Nc3 Nc6 3. Nf3 e6 4. d4 cxd4 5. Nxd4 Qc7 6. Be3 a6 7. Qd2 Nf6 8. O-O-O Bb4 9. f3 Na5 10. Nb3 d5 11. Kb1 Bxc3 12. bxc3 O-O 13. Nxa5 Qxa5 14. e5 Nd7 15. c4 Qxd2 16. Rxd2 Nxe5 17. cxd5 exd5 18. Rxd5 Nc6 19. Bb6 Be6 20. Rd6 Rac8 21. Bd3 Nb4 22. Be4 Bxa2+ 23. Kb2 f5 24. c3 fxe4 25. cxb4 Bf7 26. fxe4 Bg6 27. Re1 Rc4 28. Bc5 Re8 29. Rd4 Rxd4 30. Bxd4 Bxe4 31. g3 Kf7 32. Kc3 Rc8+ 33. Kb2 Bd5 34. Rc1 Bc4 35. Bc5 Bb5 36. Bd4 Bc6 37. Rf1+ Kg8 38. Re1 Rc7 39. Bc5 Kf7 40. Rd1 Ke6 41. Re1+ Kf5 42. Rf1+ Ke4 43. Rf4+ Kd3 44. Rh4 Be4 45. Rh5 Rc6 46. Bf8 Rc2+ 47. Kb1 g5 48. Rxg5 Rxh2 49. Rc5 Rg2 50. Bd6 b6 51. Rc1 Kd4+ 52. Ka1 a5 53. bxa5 bxa5 54. Bc5+ Kd5 55. Bb6 a4 56. Rc5+ Kd6 57. Rc4 Bc6 58. Rh4 Rxg3 59. Rxh7 Ra3+ 60. Kb2 Rb3+ 61. Ka2 Rxb6 62. Rh3 Bd5+ 63. Ka1 Rb3 64. Rh4 Ra3+ 65. Kb2 Ra2+ 66. Kb1 Kc5 67. Rh8 Rg2 68. Rc8+ Kb4 69. Rc1 Bc4 70. Re1 Bd3+ 71. Ka1 Ka3 0-1

[Event "CAN/Quebec op"]
[Site "Montreal CAN"]
[Date "2008.07.19"]
[Round "1"]
[White "Panjwani, Raja"]
[Black "Huzman, Alexander"]
[Result "0-1"]
[WhiteElo "2310"]
[BlackElo "2589"]
[PlyCount "50"]
[GameId "2160767910345159"]
[EventDate "2008.07.19"]
[EventType "swiss"]
[EventRounds "9"]
[EventCountry "CAN"]
[SourceTitle "CBM 125 Extra"]
[Source "ChessBase"]
[SourceDate "2008.09.01"]
[SourceVersion "1"]
[SourceVersionDate "2008.09.01"]
[SourceQuality "1"]

1. e4 e6 2. d4 d5 3. Nc3 Nf6 4. Bg5 dxe4 5. Nxe4 Nbd7 6. Nf3 h6 7. Nxf6+ Nxf6 8. Be3 Nd5 9. Bd2 c5 10. c4 Nf6 11. dxc5 Bxc5 12. b4 Be7 13. c5 O-O 14. Be2 a5 15. O-O axb4 16. Bxb4 Nd5 17. a3 Bf6 18. Rb1 Qc7 19. Qb3 Rd8 20. Bc4 Bd7 21. Bxd5 Ba4 22. Qe3 Rxd5 23. Nd2 Bb5 24. Rfe1 Bd3 25. Rbd1 Bg5 0-1

[Event "CAN/Quebec op"]
[Site "Montreal CAN"]
[Date "2008.07.19"]
[Round "1"]
[White "Poulin, Maurice"]
[Black "Hansen, Eric"]
[Result "0-1"]
[WhiteElo "1989"]
[BlackElo "2268"]
[PlyCount "156"]
[GameId "2160767910345160"]
[EventDate "2008.07.19"]
[EventType "swiss"]
[EventRounds "9"]
[EventCountry "CAN"]
[SourceTitle "CBM 125 Extra"]
[Source "ChessBase"]
[SourceDate "2008.09.01"]
[SourceVersion "1"]
[SourceVersionDate "2008.09.01"]
[SourceQuality "1"]

1. e4 c5 2. Nf3 e6 3. Nc3 a6 4. d3 Nc6 5. g3 d5 6. Bd2 Nf6 7. Bg2 Be7 8. O-O O-O 9. Re1 d4 10. Nb1 e5 11. a4 Rb8 12. a5 Ne8 13. h3 Nd6 14. b3 f6 15. Nh2 Be6 16. f4 Nb5 17. f5 Bf7 18. g4 Kh8 19. Kh1 Bd6 20. h4 Bc7 21. g5 Bxa5 22. gxf6 gxf6 23. Bxa5 Nxa5 24. Qd2 Nc6 25. Qh6 Qe7 26. Bf3 Nd6 27. Ng4 Ne8 28. Rg1 Rg8 29. Qd2 Bh5 30. Nh2 Bxf3+ 31. Nxf3 Nd6 32. Na3 Rxg1+ 33. Rxg1 Rg8 34. Rxg8+ Kxg8 35. Kh2 Qg7 36. Kh3 b5 37. Qc1 Nf7 38. c4 dxc3 39. Qxc3 Qf8 40. Nc2 Qd6 41. Kg2 Kf8 42. Kf2 Ke7 43. Ke2 Nd4+ 44. Ncxd4 exd4 45. Qa5 Kd7 46. Qa1 Qf4 47. Ne1 Qh2+ 48. Kd1 Qd6 49. Nf3 b4 50. Ke2 Ke7 51. Kf2 Kf8 52. Kg2 Qc6 53. Kf2 Qb5 54. Ke2 Nd6 55. Kd2 Qc6 56. Qa5 Nb7 57. Qa1 a5 58. h5 Qd6 59. Ke2 Qf4 60. Ne1 Qg4+ 61. Kd2 Qg5+ 62. Kd1 Qxh5+ 63. Kd2 Ke7 64. Qa4 Qe8 65. Qa1 Kd6 66. Qd1 Qg8 67. Qf3 Qg5+ 68. Kc2 Nd8 69. Qh3 h5 70. Qh2+ Kd7 71. Nf3 Qg4 72. Nd2 h4 73. Nc4 Qg3 74. Qe2 Nf7 75. Qh5 Ke7 76. Qh7 Kf8 77. Qh5 Qg2+ 78. Kb1 h3 0-1

[Event "CAN/Quebec op"]
[Site "Montreal CAN"]
[Date "2008.07.19"]
[Round "1"]
[White "Rozentalis, Eduardas"]
[Black "Mohota, Nisha"]
[Result "1-0"]
[WhiteElo "2599"]
[BlackElo "2354"]
[PlyCount "47"]
[GameId "2160767910345162"]
[EventDate "2008.07.19"]
[EventType "swiss"]
[EventRounds "9"]
[EventCountry "CAN"]
[SourceTitle "CBM 125 Extra"]
[Source "ChessBase"]
[SourceDate "2008.09.01"]
[SourceVersion "1"]
[SourceVersionDate "2008.09.01"]
[SourceQuality "1"]

1. e4 e5 2. Nf3 Nc6 3. Bb5 a6 4. Bxc6 dxc6 5. d3 f6 6. Be3 Bd6 7. c3 c5 8. a4 a5 9. d4 cxd4 10. cxd4 Bg4 11. dxe5 Bxf3 12. gxf3 fxe5 13. Qb3 Bb4+ 14. Nc3 Ra6 15. Rg1 Kf8 16. Rd1 Rd6 17. Ke2 Rxd1 18. Rxd1 Qf6 19. Qd5 g6 20. Qxb7 Bd6 21. Nb5 Ne7 22. Nxc7 Bxc7 23. Qxc7 Qa6+ 24. Ke1 1-0

[Event "CAN/Quebec op"]
[Site "Montreal CAN"]
[Date "2008.07.19"]
[Round "1"]
[White "Swathi, Ghate"]
[Black "Mikhalevski, Victor"]
[Result "0-1"]
[WhiteElo "2351"]
[BlackElo "2592"]
[PlyCount "84"]
[GameId "2160767910345163"]
[EventDate "2008.07.19"]
[EventType "swiss"]
[EventRounds "9"]
[EventCountry "CAN"]

1. e4 e5 2. Nf3 Nc6 3. Bb5 Nf6 4. O-O Nxe4 5. d4 a6 6. Bxc6 dxc6 7. Qe2 Bf5 8. Nxe5 Qxd4 9. Nf3 Qb4 10. Bg5 h6 11. a3 Qc5 12. Bh4 g5 13. Nc3 O-O-O 14. Nxe4 Qe7 15. Rfe1 gxh4 16. Qe3 Bxe4 17. Qxe4 Qxe4 18. Rxe4 Bg7 19. c3 h3 20. gxh3 Rhe8 21. Rae1 Rxe4 22. Rxe4 Rd1+ 23. Kg2 Kd7 24. Kg3 b5 25. Kf4 c5 26. Re2 Kd6 27. Nh4 Kd7 28. Nf5 Bf8 29. Ke5 Rd3 30. Ne3 Be7 31. f4 c4 32. Kf5 h5 33. Ke4 Bc5 34. h4 Rxe3+ 35. Rxe3 f5+ 36. Kf3 Bxe3 37. Kxe3 c5 38. Kd2 Kc6 39. Ke2 Kb6 40. Kd2 Ka5 41. Kc1 Ka4 42. Kc2 a5 0-1

[Event "CAN/Quebec op"]
[Site "Montreal CAN"]
[Date "2008.07.19"]
[Round "1"]
[White "Tayar, Jonathan"]
[Black "Kunte, Abhijit"]
[Result "1/2-1/2"]
[WhiteElo "2293"]
[BlackElo "2554"]
[PlyCount "124"]
[GameId "2160767910345164"]
[EventDate "2008.07.19"]
[EventType "swiss"]
[EventRounds "9"]
[EventCountry "CAN"]
[SourceTitle "CBM 125 Extra"]
[Source "ChessBase"]
[SourceDate "2008.09.01"]
[SourceVersion "1"]
[SourceVersionDate "2008.09.01"]
[SourceQuality "1"]

1. e4 c5 2. Nf3 e6 3. d4 cxd4 4. Nxd4 Nc6 5. Be3 Nf6 6. Nc3 Bb4 7. Bd3 d5 8. exd5 Nxd5 9. Nxc6 bxc6 10. Bd2 Nxc3 11. Qg4 Nd5 12. Bxb4 Nxb4 13. Qxb4 Qe7 14. Qe4 Rb8 15. Qxc6+ Bd7 16. Qe4 Rxb2 17. O-O Qc5 18. Qa8+ Bc8 19. Rfb1 Rxb1+ 20. Rxb1 O-O 21. Rb5 Qa3 22. Rb8 Qc1+ 23. Bf1 Qxc2 24. Qxa7 g6 25. Qd4 Qc7 26. Qb6 Qxb6 27. Rxb6 Bd7 28. Rd6 Ba4 29. Ra6 Bd7 30. Ra7 Bc6 31. a4 Rb8 32. f3 Rb2 33. a5 Bd5 34. a6 Ra2 35. Rc7 g5 36. a7 Kg7 37. Bd3 h5 38. Be4 Kf6 39. Rd7 Bxe4 40. fxe4 h4 41. h3 Ke5 42. Rxf7 Kxe4 43. Rg7 Kf5 44. Rf7+ Kg6 45. Rb7 e5 46. Kf1 e4 47. Re7 Kf5 48. Rf7+ Ke5 49. Kg1 Ke6 50. Rb7 Kf5 51. Rf7+ Ke5 52. Kf1 Kd4 53. Rb7 Ke3 54. Rb3+ Kf4 55. Rb7 Ke5 56. Kg1 Kd4 57. Kf1 Kc4 58. Rd7 Kc3 59. Ke1 Kc4 60. Kf1 Kc5 61. Ke1 Kc6 62. Rd4 Rxa7 1/2-1/2

[Event "CAN/Quebec op"]
[Site "Montreal CAN"]
[Date "2008.07.19"]
[Round "1"]
[White "Venkatesh, Marani Rajendran"]
[Black "Nicula, Marius"]
[Result "1-0"]
[WhiteElo "2462"]
[BlackElo "2209"]
[PlyCount "51"]
[GameId "2160767910345165"]
[EventDate "2008.07.19"]
[EventType "swiss"]
[EventRounds "9"]
[EventCountry "CAN"]
[SourceTitle "CBM 125 Extra"]
[Source "ChessBase"]
[SourceDate "2008.09.01"]
[SourceVersion "1"]
[SourceVersionDate "2008.09.01"]
[SourceQuality "1"]

1. e4 e6 2. d4 d5 3. Nd2 Nf6 4. e5 Nfd7 5. Bd3 c5 6. c3 Nc6 7. Ngf3 Be7 8. O-O g5 9. dxc5 Ndxe5 10. Nxe5 Nxe5 11. Nb3 Nxd3 12. Qxd3 e5 13. Re1 f6 14. h4 g4 15. Bh6 Be6 16. Rad1 Qd7 17. Qe3 Kf7 18. Nc1 a5 19. Nd3 Rhc8 20. c4 d4 21. Qxe5 fxe5 22. Nxe5+ Kf6 23. Nxd7+ Bxd7 24. Bg5+ Kf5 25. Rxe7 Bc6 26. Rxd4 1-0

[Event "CAN/Quebec op"]
[Site "Montreal CAN"]
[Date "2008.07.19"]
[Round "1"]
[White "Yap, Nicolas A"]
[Black "Bluvshtein, Mark"]
[Result "0-1"]
[WhiteElo "2279"]
[BlackElo "2548"]
[PlyCount "90"]
[GameId "2160767910345167"]
[EventDate "2008.07.19"]
[EventType "swiss"]
[EventRounds "9"]
[EventCountry "CAN"]
[SourceTitle "EXT 2009"]
[Source "ChessBase"]
[SourceDate "2008.11.26"]
[SourceVersion "1"]
[SourceVersionDate "2008.11.26"]
[SourceQuality "1"]

1. e4 c5 2. Nf3 d6 3. d4 cxd4 4. Nxd4 Nf6 5. Nc3 Nc6 6. Bg5 e6 7. Qd2 a6 8. O-O-O Bd7 9. f3 b5 10. Kb1 Be7 11. h4 Ne5 12. Bd3 h6 13. Be3 h5 14. Bg5 Qb6 15. Nce2 Nc4 16. Bxc4 bxc4 17. Ka1 Rb8 18. Rb1 Qc5 19. Nc3 Ng8 20. Bxe7 Nxe7 21. f4 O-O 22. Rhe1 e5 23. Nf3 exf4 24. Qxf4 Bg4 25. Red1 Rfd8 26. Nd5 Ng6 27. Qg3 Re8 28. Nc3 Bxf3 29. gxf3 Qe5 30. Qf2 Qf6 31. Rh1 Ne5 32. Rhf1 Ng6 33. Rh1 Nf4 34. Qd2 Rb6 35. Qf2 Reb8 36. Rhd1 R6b7 37. Qd2 Ne6 38. Qxd6 Qxf3 39. Qe5 Qf2 40. Qxh5 Nd4 41. Rxd4 Qxd4 42. Rd1 Qf2 43. Nd5 Rxb2 44. Ne7+ Kf8 45. Nf5 Rxa2+ 0-1

[Event "CAN/Quebec op"]
[Site "Montreal CAN"]
[Date "2008.07.19"]
[Round "1"]
[White "Yuan, Yuanling"]
[Black "Rathnakaran, Kantholi"]
[Result "0-1"]
[WhiteElo "2146"]
[BlackElo "2453"]
[PlyCount "108"]
[GameId "2160767910345168"]
[EventDate "2008.07.19"]
[EventType "swiss"]
[EventRounds "9"]
[EventCountry "CAN"]

1. e4 e6 2. d4 d5 3. e5 c5 4. c3 Nc6 5. Nf3 Bd7 6. a3 c4 7. Be2 f6 8. O-O fxe5 9. Nxe5 Nxe5 10. dxe5 Qb6 11. Qc2 Bc5 12. Bg5 Ne7 13. Bh5+ g6 14. Bf6 Rf8 15. Bf3 Nc6 16. Nd2 Be7 17. Bxe7 Kxe7 18. Rae1 Rf5 19. Bg4 Rf4 20. Bh3 Raf8 21. Nf3 R8f7 22. Re2 d4 23. cxd4 Rxf3 24. gxf3 Nxd4 25. Qd1 Nxe2+ 26. Qxe2 Qb3 27. Qd2 Kf8 28. Bg2 Kg7 29. Rc1 Bc6 30. Rc3 Qa4 31. Qe2 Rd7 32. Bh3 Qd1+ 33. Bf1 b5 34. Qxd1 Rxd1 35. Kg2 Bd5 36. Rc2 g5 37. Be2 Re1 38. Kg3 Rg1+ 39. Kh3 Kg6 40. Rd2 Kf5 41. Rd1 Rxd1 42. Bxd1 Kf4 43. Bc2 h6 44. Kg2 Bxf3+ 45. Kf1 a5 46. Ke1 Kxe5 47. Kd2 Kd4 48. Bg6 b4 49. axb4 axb4 50. Bf7 e5 51. Bg6 Be4 52. Bh5 c3+ 53. bxc3+ bxc3+ 54. Kc1 Bd3 0-1

[Event "CAN/Quebec op"]
[Site "Montreal CAN"]
[Date "2008.07.20"]
[Round "2"]
[White "Arsenault, Nicolas"]
[Black "Noritsyn, Nikolay"]
[Result "0-1"]
[WhiteElo "2213"]
[BlackElo "2361"]
[PlyCount "54"]
[GameId "2160767910345170"]
[EventDate "2008.07.19"]
[EventType "swiss"]
[EventRounds "9"]
[EventCountry "CAN"]
[SourceTitle "CBM 125 Extra"]
[Source "ChessBase"]
[SourceDate "2008.09.01"]
[SourceVersion "1"]
[SourceVersionDate "2008.09.01"]
[SourceQuality "1"]

1. e4 c5 2. Nf3 Nc6 3. d4 cxd4 4. Nxd4 g6 5. Nc3 Bg7 6. Be3 Nf6 7. Nxc6 bxc6 8. e5 Ng8 9. Bd4 Qc7 10. f4 Nh6 11. Qd2 Nf5 12. Bf2 h5 13. O-O-O d6 14. exd6 exd6 15. Bc4 d5 16. Rhe1+ Be6 17. Bb3 O-O 18. Kb1 Rfd8 19. Na4 Nd6 20. Bh4 Rdb8 21. c3 Ne4 22. Rxe4 Bf5 23. Bc2 dxe4 24. Nc5 Qb6 25. Na4 Qa5 26. Bf2 e3 27. Bxe3 Qxa4 0-1

[Event "CAN/Quebec op"]
[Site "Montreal CAN"]
[Date "2008.07.20"]
[Round "2"]
[White "Bluvshtein, Mark"]
[Black "Ivkov, Borislav"]
[Result "1-0"]
[WhiteElo "2548"]
[BlackElo "2411"]
[PlyCount "87"]
[GameId "2160767910345172"]
[EventDate "2008.07.19"]
[EventType "swiss"]
[EventRounds "9"]
[EventCountry "CAN"]
[SourceTitle "EXT 2009"]
[Source "ChessBase"]
[SourceDate "2008.11.26"]
[SourceVersion "1"]
[SourceVersionDate "2008.11.26"]
[SourceQuality "1"]

1. d4 e6 2. c4 Bb4+ 3. Nc3 f5 4. Qb3 Qe7 5. Nf3 Nf6 6. a3 Bxc3+ 7. Qxc3 b6 8. g3 Bb7 9. Bg2 O-O 10. O-O d6 11. b4 Nbd7 12. Bb2 c5 13. dxc5 bxc5 14. b5 Ne4 15. Qc2 Nb6 16. a4 a5 17. e3 g5 18. Rad1 g4 19. Nh4 Ng5 20. f3 gxf3 21. Nxf3 Be4 22. Qb3 Nxf3+ 23. Bxf3 e5 24. Bxe4 fxe4 25. Qc2 Qe6 26. Qxe4 Nxc4 27. Bc1 Rac8 28. Rf4 Rxf4 29. exf4 Rf8 30. fxe5 Nxe5 31. Bf4 Re8 32. b6 Qb3 33. Rb1 Qf3 34. Qxf3 Nxf3+ 35. Kf2 Ne5 36. Bxe5 dxe5 37. Ke3 c4 38. b7 Rb8 39. Ke4 c3 40. Kd3 Kf7 41. Kxc3 Ke7 42. Kd3 Kd7 43. Ke4 Kc7 44. g4 1-0

[Event "CAN/Quebec op"]
[Site "Montreal CAN"]
[Date "2008.07.20"]
[Round "2"]
[White "Castaneda, Nelson"]
[Black "Ganguly, Surya Shekhar"]
[Result "0-1"]
[WhiteElo "2314"]
[BlackElo "2631"]
[PlyCount "88"]
[GameId "2160767910345173"]
[EventDate "2008.07.19"]
[EventType "swiss"]
[EventRounds "9"]
[EventCountry "CAN"]
[SourceTitle "CBM 125 Extra"]
[Source "ChessBase"]
[SourceDate "2008.09.01"]
[SourceVersion "1"]
[SourceVersionDate "2008.09.01"]
[SourceQuality "1"]

1. e4 e6 2. d4 d5 3. e5 c5 4. c3 Qb6 5. Nf3 Nc6 6. a3 Nge7 7. b4 cxd4 8. cxd4 Nf5 9. Bb2 Bd7 10. g4 Nfe7 11. h4 h5 12. g5 Nf5 13. Bh3 g6 14. Bxf5 gxf5 15. Nc3 Na5 16. Na4 Qc6 17. bxa5 Qxa4 18. Qxa4 Bxa4 19. Kd2 Be7 20. Rhc1 Kd7 21. Ne1 Bb5 22. Bc3 Bc4 23. Bb4 Bd8 24. Ng2 Rc8 25. Nf4 Rc6 26. Rc3 b6 27. axb6 Bxb6 28. Ke3 a5 29. Bc5 Rxc5 30. dxc5 Bxc5+ 31. Kf3 Bd4 32. Rxc4 Bxa1 33. Rc5 Bxe5 34. Rxa5 Rb8 35. Ra7+ Kd6 36. Nd3 Bc3 37. Rxf7 e5 38. Nb4 e4+ 39. Ke2 Ke6 40. Rh7 f4 41. Rxh5 d4 42. g6 f3+ 43. Kf1 e3 44. fxe3 dxe3 0-1

[Event "CAN/Quebec op"]
[Site "Montreal CAN"]
[Date "2008.07.20"]
[Round "2"]
[White "Cheng, Bindi"]
[Black "Gulko, Alexander"]
[Result "1/2-1/2"]
[WhiteElo "2333"]
[BlackElo "1894"]
[PlyCount "72"]
[GameId "2160767910345174"]
[EventDate "2008.07.19"]
[EventType "swiss"]
[EventRounds "9"]
[EventCountry "CAN"]
[SourceTitle "CBM 125 Extra"]
[Source "ChessBase"]
[SourceDate "2008.09.01"]
[SourceVersion "1"]
[SourceVersionDate "2008.09.01"]
[SourceQuality "1"]

1. d4 Nf6 2. Bg5 e6 3. e3 c5 4. c3 b6 5. Nd2 cxd4 6. cxd4 Bb7 7. Ngf3 Be7 8. Rc1 O-O 9. Bd3 d6 10. Bxf6 Bxf6 11. h4 g6 12. h5 Nd7 13. hxg6 hxg6 14. Ne4 Bxe4 15. Bxe4 d5 16. Bd3 Rc8 17. Bb5 Rxc1 18. Qxc1 Nb8 19. e4 Bg7 20. e5 Qc8 21. Qd2 Qc7 22. O-O Rc8 23. Bd3 Qe7 24. Qf4 Nd7 25. a3 Qf8 26. Bb5 Qe7 27. g4 Nf8 28. g5 Nh7 29. Kg2 Rc2 30. Rb1 Qd8 31. Bd3 Rc7 32. Rh1 Qc8 33. Nh2 Qd8 34. Nf3 Qc8 35. Rg1 Bf8 36. Rh1 Bg7 1/2-1/2

[Event "CAN/Quebec op"]
[Site "Montreal CAN"]
[Date "2008.07.20"]
[Round "2"]
[White "Hansen, Eric"]
[Black "Arencibia Rodriguez, Walter"]
[Result "1/2-1/2"]
[WhiteElo "2268"]
[BlackElo "2536"]
[PlyCount "59"]
[GameId "2160767910345175"]
[EventDate "2008.07.19"]
[EventType "swiss"]
[EventRounds "9"]
[EventCountry "CAN"]
[SourceTitle "CBM 125 Extra"]
[Source "ChessBase"]
[SourceDate "2008.09.01"]
[SourceVersion "1"]
[SourceVersionDate "2008.09.01"]
[SourceQuality "1"]

1. e4 c5 2. Nf3 e6 3. d4 cxd4 4. Nxd4 a6 5. Bd3 Nf6 6. Nc3 d6 7. O-O Be7 8. f4 b5 9. a4 b4 10. Na2 O-O 11. c3 e5 12. Nf3 a5 13. Bd2 Na6 14. cxb4 axb4 15. Kh1 b3 16. Nb4 Nc5 17. Nc6 Qe8 18. Nxe7+ Qxe7 19. fxe5 dxe5 20. Bb4 Rd8 21. Qe2 Rxd3 22. Bxc5 Qxc5 23. Qxd3 Ba6 24. Qxb3 Bxf1 25. Rxf1 h6 26. Qb5 Nxe4 27. Qxc5 Nxc5 28. Nxe5 Rxa4 29. Nxf7 Rb4 30. Ne5 1/2-1/2